<?xml version="1.0" encoding="UTF-8"?><?xml-stylesheet type="text/xsl" href="static/style.xsl"?><OAI-PMH xmlns="http://www.openarchives.org/OAI/2.0/" xmlns:xsi="http://www.w3.org/2001/XMLSchema-instance" xsi:schemaLocation="http://www.openarchives.org/OAI/2.0/ http://www.openarchives.org/OAI/2.0/OAI-PMH.xsd"><responseDate>2026-04-14T03:11:23Z</responseDate><request verb="GetRecord" identifier="oai:www.recercat.cat:2072/305863" metadataPrefix="marc">https://recercat.cat/oai/request</request><GetRecord><record><header><identifier>oai:recercat.cat:2072/305863</identifier><datestamp>2026-01-15T14:12:31Z</datestamp><setSpec>com_2072_300912</setSpec><setSpec>com_2072_4427</setSpec><setSpec>col_2072_301309</setSpec></header><metadata><record xmlns="http://www.loc.gov/MARC21/slim" xmlns:dcterms="http://purl.org/dc/terms/" xmlns:xsi="http://www.w3.org/2001/XMLSchema-instance" xmlns:doc="http://www.lyncode.com/xoai" xsi:schemaLocation="http://www.loc.gov/MARC21/slim http://www.loc.gov/standards/marcxml/schema/MARC21slim.xsd">
   <leader>00925njm 22002777a 4500</leader>
   <datafield ind2=" " ind1=" " tag="042">
      <subfield code="a">dc</subfield>
   </datafield>
   <datafield ind2=" " ind1=" " tag="720">
      <subfield code="a">Matheu, Roc</subfield>
      <subfield code="e">author</subfield>
   </datafield>
   <datafield ind2=" " ind1=" " tag="720">
      <subfield code="a">Ertem, Mehmed .Z.</subfield>
      <subfield code="e">author</subfield>
   </datafield>
   <datafield ind2=" " ind1=" " tag="720">
      <subfield code="a">Benet-Buchholz, Jordi</subfield>
      <subfield code="e">author</subfield>
   </datafield>
   <datafield ind2=" " ind1=" " tag="720">
      <subfield code="a">Coronado, Eugenio</subfield>
      <subfield code="e">author</subfield>
   </datafield>
   <datafield ind2=" " ind1=" " tag="720">
      <subfield code="a">Batista, Victor  S.</subfield>
      <subfield code="e">author</subfield>
   </datafield>
   <datafield ind2=" " ind1=" " tag="720">
      <subfield code="a">Sala, Xavier</subfield>
      <subfield code="e">author</subfield>
   </datafield>
   <datafield ind2=" " ind1=" " tag="720">
      <subfield code="a">Llobet, Antoni</subfield>
      <subfield code="e">author</subfield>
   </datafield>
   <datafield ind2=" " ind1=" " tag="260">
      <subfield code="c">2015</subfield>
   </datafield>
   <datafield ind2=" " ind1=" " tag="520">
      <subfield code="a">&lt;p>   We introduce a new family of complexes with the general formula [Ru&lt;em>&lt;sup>n&lt;/sup>&lt;/em>(tda)(py)&lt;sub>2&lt;/sub>]&lt;em>&lt;sup>m&lt;/sup>&lt;/em>&lt;sup>+&lt;/sup> (&lt;em>n&lt;/em> = 2, &lt;em>m&lt;/em> = 0, &lt;strong>1&lt;/strong>; &lt;em>n&lt;/em> = 3, &lt;em>m&lt;/em> = 1, &lt;strong>2&lt;/strong>&lt;sup>+&lt;/sup>; &lt;em>n&lt;/em> = 4, &lt;em>m&lt;/em> = 2, &lt;strong>3&lt;/strong>&lt;sup>2+&lt;/sup>), with tda&lt;sup>2&amp;ndash;&lt;/sup> being [2,2&amp;prime;:6&amp;prime;,2&amp;Prime;-terpyridine]-6,6&amp;Prime;-dicarboxylate, including complex [Ru&lt;sup>IV&lt;/sup>(OH)(tda-&amp;kappa;-N&lt;sup>3&lt;/sup>O)(py)&lt;sub>2&lt;/sub>]&lt;sup>+&lt;/sup>, &lt;strong>4H&lt;/strong>&lt;sup>+&lt;/sup>, which we find to be an impressive water oxidation catalyst, formed by hydroxo coordination to &lt;strong>3&lt;/strong>&lt;sup>2+&lt;/sup> under basic conditions. The complexes are synthesized, isolated, and thoroughly characterized by analytical, spectroscopic (UV&amp;ndash;vis, nuclear magnetic resonance, electron paramagnetic resonance), computational, and electrochemical techniques (cyclic voltammetry, differential pulse voltammetry, coulometry), including solid-state monocrystal X-ray diffraction analysis. In oxidation state IV, the Ru center is seven-coordinated and diamagnetic, whereas in oxidation state II, the complex has an unbonded dangling carboxylate and is six-coordinated while still diamagnetic. With oxidation state III, the coordination number is halfway between the coordination of oxidation states II and IV. Species generated in situ have also been characterized by spectroscopic, computational, and electrochemical techniques, together with the related species derived from a different degree of protonation and oxidation states. &lt;strong>4H&lt;/strong>&lt;sup>+&lt;/sup> can be generated potentiometrically, or voltammetrically, from &lt;strong>3&lt;/strong>&lt;sup>2+&lt;/sup>, and both coexist in solution. While complex &lt;strong>3&lt;/strong>&lt;sup>2+&lt;/sup> is not catalytically active, the catalytic performance of complex &lt;strong>4H&lt;/strong>&lt;sup>+&lt;/sup> is characterized by the foot of the wave analysis, giving an impressive turnover frequency record of 8000 s&lt;sup>&amp;ndash;1&lt;/sup> at pH 7.0 and 50 000 s&lt;sup>&amp;ndash;1&lt;/sup> at pH 10.0. Density functional theory calculations provide a complete description of the water oxidation catalytic cycle of &lt;strong>4H&lt;/strong>&lt;sup>+&lt;/sup>, manifesting the key functional role of the dangling carboxylate in lowering the activation free energies that lead to O&amp;ndash;O bond formation.&lt;/p>  &lt;p>   &amp;nbsp;&lt;/p>  &lt;p>   &amp;nbsp;&lt;/p></subfield>
   </datafield>
   <datafield ind1="8" ind2=" " tag="024">
      <subfield code="a">http://hdl.handle.net/2072/305863</subfield>
   </datafield>
   <datafield ind1="8" ind2=" " tag="024">
      <subfield code="a">https://doi.org/10.1021/jacs.5b06541</subfield>
   </datafield>
   <datafield ind2="0" ind1="0" tag="245">
      <subfield code="a">Intramolecular proton transfer boosts water oxidation catalyzed by a Ru complex</subfield>
   </datafield>
</record></metadata></record></GetRecord></OAI-PMH>